000 00538nam a22001577a 4500
008 111125t xxu||||| |||| 00| 0 eng d
020 _a0063854546
050 _aHB171.5.M64251
100 _aMiller, Roger Leroy.
245 _aEconomics today- the macro view /
_cLeroy Miller Roger
260 _aNew York:
_bHarper & Row,
_c1974.
300 _avii, 419 p.:
_bill.;
_c23cm.
500 _aIncludes index.
505 _aContents: Getting started -- The Changing economy -- Income determination models -- International scene.
942 _2lcc
_cBK
999 _c303
_d7803